| 000 | 00358nam a22001337a 4500 | ||
|---|---|---|---|
| 003 | SGT | ||
| 082 |
_a547.59 _bKUM |
||
| 100 | _aKUMAR HIMANSHI | ||
| 245 | _aSYNTHESIS AND DENSITY FUNCTIONAL THEORETICAL STUDY OF CHOLESTEROL BASED HETEROCYCLIC COMPOUNDS | ||
| 260 |
_aSGT UNIVERSITY _bFABS _c2024 |
||
| 300 | _a173 | ||
| 650 | _aCHEMISTRY | ||
| 942 |
_2ddc _cTH |
||
| 999 |
_c33248 _d33248 |
||